| 000 | 00499nam a2200181 i 4500 | ||
|---|---|---|---|
| 001 | 22346 | ||
| 003 | ES-MaACL | ||
| 005 | 20250921063023.0 | ||
| 007 | t| | ||
| 008 | 021202s1967 sp ||||1| spa d | ||
| 100 | 1 |
_aAldecoa, Ignacio, _d1925-1969 _919628 |
|
| 245 | 1 | 0 |
_aParte de ua historia / _cIgnacio Aldecoa. |
| 250 | _a[1ยช ed.]. | ||
| 260 |
_aBarcelona, etc. : _bNoguer, _c[1967] |
||
| 300 |
_a220 p. ; _c20 cm. |
||
| 852 |
_aES-MaACL _jC-33303 _bR.63407 |
||
| 999 |
_c22346 _d22346 |
||